000 01214nam a2200301Ia 4500
001 ebr10172372
003 CaPaEBR
006 m u
007 cr cn|||||||||
008 050302s2005 enk esb 001 0 eng d
020 _z0335216528 (pbk.)
040 _aCaPaEBR
_cCaPaEBR
035 _a(OCoLC)568023276
050 1 4 _aLB2343.3
_b.M66 2005eb
082 0 4 _a378.198
_222
100 1 _aMoore, Sarah.
245 1 0 _aHow to be a student
_h[electronic resource] :
_b100 great ideas and practical habits for students everywhere /
_cSarah Moore and Maura Murphy.
260 _aMaidenhead :
_bOpen University Press,
_c2005.
300 _axii, 139 p.
504 _aIncludes bibliographical references and index.
533 _aElectronic reproduction.
_bPalo Alto, Calif. :
_cebrary,
_d2009.
_nAvailable via World Wide Web.
_nAccess may be limited to ebrary affiliated libraries.
650 0 _aCollege students
_xConduct of life.
650 0 _aCollege student orientation.
655 7 _aElectronic books.
_2local
700 1 _aMurphy, Maura.
710 2 _aebrary, Inc.
856 4 0 _uhttp://site.ebrary.com/lib/rucke/Doc?id=10172372
_zAn electronic book accessible through the World Wide Web; click to view
999 _c249525
_d249525